Normal view
MARC view
- BROUWER, B,CLEMENCE, G. M
Entry Personal Name
001 - CONTROL NUMBER
- control field: 59785
003 - CONTROL NUMBER IDENTIFIER
- control field: NUST
005 - DATE AND TIME OF LATEST TRANSACTION
- control field: 20210628202414.0
008 - FIXED-LENGTH DATA ELEMENTS
- fixed length control field: 210628|| aca||aabn | a|a d
040 ## - CATALOGING SOURCE
- Original cataloging agency: NUST
- Transcribing agency: NUST
100 ## - HEADING--PERSONAL NAME
- Personal name: BROUWER, B,CLEMENCE, G. M
670 ## - SOURCE DATA FOUND
- Source citation: Work cat.: (NUST): BROUWER, B,CLEMENCE, G. M, METHODS OF CELESTIAL MECHANICS, 1961
